[Event "Kecskemet Caissa GM 02"]
[Site "Kecskemet"]
[Date "2016.02.25"]
[Round "7"]
[White "Kargin, Arseny"]
[Black "Nagy, Gabor"]
[Result "0-1"]
[WhiteElo "2421"]
[BlackElo "2418"]
[PlyCount "60"]
[EventDate "2016.02.19"]
[EventType "tourn"]
[EventRounds "11"]
[EventCountry "HUN"]
[EventCategory "6"]
[SourceTitle "CBM 171 Extra"]
[Source "ChessBase"]
[SourceDate "2016.04.26"]
[SourceVersion "1"]
[SourceVersionDate "2016.04.26"]
[SourceQuality "1"]

1. e4 e5 2. Nf3 Nc6 3. Bb5 a6 4. Ba4 Nf6 5. 0-0 Be7 6. Re1 b5 7. Bb3 d6 8. c3 0-0 9. h3 a5 10. a4 b4 11. d4 bxc3 12. Nxc3 Nxd4 13. Nxd4 exd4 14. Qxd4 Rb8 15. Bc4 c6 16. Rb1 Nd7 17. Qd1 Ne5 18. Be2 f5 19. f4 Ng6 20. Rf1 Rb4 21. Bd3 fxe4 22. Nxe4 Bf5 23. Qc2 d5 24. Nf2 Bxd3 25. Nxd3 Rc4 26. Qd1 Bd6 27. b3 Re4 28. f5 Nh4 29. Qh5 Qb6+ 30. Kh1 g6 0-1

[Event "Budapest FS07 GM"]
[Site "Budapest"]
[Date "2015.07.14"]
[Round "13"]
[White "Nguyen, Thai Dai Van"]
[Black "Kargin, Arseny"]
[Result "0-1"]
[WhiteElo "2349"]
[BlackElo "2445"]
[PlyCount "120"]
[EventDate "2015.07.04"]
[EventType "tourn"]
[EventRounds "13"]
[EventCountry "HUN"]
[EventCategory "7"]
[SourceTitle "CBM 167 Extra"]
[Source "ChessBase"]
[SourceDate "2015.09.14"]
[SourceVersion "1"]
[SourceVersionDate "2015.09.14"]
[SourceQuality "1"]

1. e4 c5 2. Nf3 d6 3. d4 cxd4 4. Nxd4 Nf6 5. Nc3 g6 6. Be3 Bg7 7. f3 0-0 8. Qd2 Nc6 9. 0-0-0 d5 10. Qe1 e5 11. Nxc6 bxc6 12. exd5 Nxd5 13. Bc4 Be6 14. Kb1 a5 15. h4 Rb8 16. h5 e4 17. Bxd5 cxd5 18. Qd2 exf3 19. gxf3 Rb4 20. a3 Rc4 21. hxg6 fxg6 22. Nxd5 Bf5 23. Rc1 Qb8 24. Nb6 Rd8 25. Qxa5 Rc6 26. Qb4 Qc7 27. a4 Re8 28. Qb3+ Be6 29. Qb5 Bf5 30. Qb3+ Be6 31. Qb5 Bf5 32. Rhe1 Rxe3 33. Rxe3 Qxb6 34. Re8+ Kf7 35. Rb8 Qxb5 36. axb5 Rc5 37. Rb7+ Kf6 38. f4 Be4 39. Ra7 Bh6 40. Rxh7 Bxf4 41. Rf1 Bxc2+ 42. Ka2 g5 43. Rh6+ Bg6 44. b4 Rxb5 45. Ka3 Kg7 46. Rh3 Bd6 47. Rb3 Bc2 48. Rbf3 Bxb4+ 49. Kb2 Bg6 50. Kc1 Rc5+ 51. Kb2 Bd2 52. R3f2 Rb5+ 53. Ka2 Bc3 54. Rf3 Bd4 55. Ka3 Be5 56. R3f2 Bd3 57. Rd1 Bc4 58. Rg2 Bc3 59. Rd7+ Kf6 60. Ra7 Rb1 0-1

[Event "Budapest FS07 GM"]
[Site "Budapest"]
[Date "2015.07.13"]
[Round "12"]
[White "Kargin, Arseny"]
[Black "Semiev, Suhrab"]
[Result "1/2-1/2"]
[WhiteElo "2445"]
[BlackElo "2313"]
[PlyCount "63"]
[EventDate "2015.07.04"]
[EventType "tourn"]
[EventRounds "13"]
[EventCountry "HUN"]
[EventCategory "7"]
[SourceTitle "CBM 167 Extra"]
[Source "ChessBase"]
[SourceDate "2015.09.14"]
[SourceVersion "1"]
[SourceVersionDate "2015.09.14"]
[SourceQuality "1"]

1. e4 g6 2. d4 Bg7 3. Nc3 c6 4. f4 d5 5. e5 h5 6. Be3 Nh6 7. Nf3 Bg4 8. h3 Nf5 9. Bf2 Bxf3 10. Qxf3 h4 11. Bd3 e6 12. Ne2 Nd7 13. 0-0 Bf8 14. b3 Be7 15. c4 Qa5 16. a3 Kf8 17. Rfc1 Kg7 18. b4 Qd8 19. c5 a6 20. a4 b6 21. cxb6 Qxb6 22. a5 Qb7 23. Be1 Rhc8 24. Kh2 Rab8 25. Rab1 Qa7 26. Qf2 Rc7 27. Bxf5 exf5 28. Ng1 Nf8 29. Nf3 Ne6 30. Qe3 Rh8 31. Rc2 Kf8 32. Bf2 1/2-1/2